| 000 | 01339 a2200217 4500 | ||
|---|---|---|---|
| 003 | Nust | ||
| 005 | 20230808135609.0 | ||
| 010 | _a 79019526 | ||
| 020 | _a0080255515 | ||
| 040 | _cNust | ||
| 082 | 0 | 0 | _a621.47,SOL |
| 245 | 1 | 0 |
_aSolar energy and conservation : _btechnology, commercialization, utilization : proceedings of the Solar Energy and Conservation Symposium, 11-13 December 1978, Miami Beach, Florida / _cedited by T. Nejat Veziroglu. |
| 250 | _aVol 1-2 | ||
| 260 |
_aNew York : _bPergamon Press, _cc1980. |
||
| 300 |
_a982 p _bill. ; _c25 cm. |
||
| 505 | _aSolar Radiation (Page-1), Flat Plate Collectors (Page-32), Concentrating Collectors (Page-113), Storage and transmission (Page-173), Water Heating (Page-301), Heating and Cooling (Page-315), Architectural aspects (Page-477), Drying and distillation (Page-530), Power generation (Page-595), Ocean thermal energy (Page-786), Wind energy (Page-853), Conservation technology (Page-884), Regional programs (Page-983), Commercialization (Page-1058), Standards and specifications (Page-1191), Technology transfer (Page-1234), Policy,incentives and barriers (Page-1268), Economics (Page-1347). | ||
| 650 | 0 |
_aEnergy conservation _xCongresses. _9110529 |
|
| 650 | 0 |
_aSolar energy _xCongresses. _9110530 |
|
| 700 | 1 |
_aVeziroglu, T. Nejat. _9110531 |
|
| 942 |
_2ddc _cBK _k621.47,SOL |
||
| 999 |
_c183560 _d183560 |
||